| 000 | 00493pab a2200193 454500 | ||
|---|---|---|---|
| 008 | 180718b2017 xxu||||| |||| 00| 0 eng d | ||
| 100 | _aBiswas, Siddhartha | ||
| 245 | _aIncome inequality, tax policy, and economic growth | ||
| 260 | _c2017 | ||
| 300 | _ap.688-727. | ||
| 362 | _aMay | ||
| 650 | _aEconomic growth | ||
| 650 | _aTaxation | ||
| 650 | _aIncome distribution | ||
| 700 | _aHai, Rong | ||
| 700 | _aChakraborty, Indraneel | ||
| 773 | _aEconomic Journal | ||
| 909 | _a115210 | ||
| 999 |
_c115204 _d115204 |
||